<?xml version="1.0" encoding="UTF-8"?>
<collection xmlns="http://www.loc.gov/MARC21/slim">
 <record>
  <leader>00836nam a22001931  4500</leader>
  <controlfield tag="001">1/49755</controlfield>
  <controlfield tag="008">980223s1993    gr            000 0 gre d</controlfield>
  <datafield tag="020" ind1=" " ind2=" ">
   <subfield code="a">9602551038/τ.Β9602551046</subfield>
  </datafield>
  <datafield tag="035" ind1=" " ind2=" ">
   <subfield code="l">12708</subfield>
  </datafield>
  <datafield tag="040" ind1=" " ind2=" ">
   <subfield code="a">GR-PeUP</subfield>
  </datafield>
  <datafield tag="082" ind1="0" ind2="0">
   <subfield code="a">658.8 ΔΙ</subfield>
  </datafield>
  <datafield tag="100" ind1="1" ind2=" ">
   <subfield code="a">Διακόπουλος, Χριστόφορος Δ.</subfield>
  </datafield>
  <datafield tag="245" ind1="1" ind2="2">
   <subfield code="a">Marketing:</subfield>
   <subfield code="b">ερευνα αγοράς και ανάπτυξη πωλήσεων/</subfield>
   <subfield code="c">Χριστόφορος Δ.Διακόπουλος.</subfield>
  </datafield>
  <datafield tag="260" ind1=" " ind2=" ">
   <subfield code="a">Αθήνα:</subfield>
   <subfield code="b">To οικονομικό,</subfield>
   <subfield code="c">1993.</subfield>
  </datafield>
  <datafield tag="300" ind1=" " ind2=" ">
   <subfield code="a">2 τ.;</subfield>
   <subfield code="c">22 cm.</subfield>
  </datafield>
  <datafield tag="650" ind1=" " ind2="4">
   <subfield code="a">Μάρκετινγκ.</subfield>
  </datafield>
  <datafield tag="650" ind1=" " ind2="4">
   <subfield code="a">Έρευνα αγοράς.</subfield>
  </datafield>
  <datafield tag="852" ind1=" " ind2=" ">
   <subfield code="a">INST</subfield>
   <subfield code="b">UNIPILB</subfield>
   <subfield code="c">MAIN</subfield>
   <subfield code="e">20040709</subfield>
   <subfield code="h">658.8 ΔΙ</subfield>
   <subfield code="p">00128058</subfield>
   <subfield code="q">00128058</subfield>
   <subfield code="t">LOAN</subfield>
   <subfield code="v">τ.Α:</subfield>
   <subfield code="y">0</subfield>
   <subfield code="z">τ.Α</subfield>
   <subfield code="4">1</subfield>
  </datafield>
  <datafield tag="852" ind1=" " ind2=" ">
   <subfield code="a">INST</subfield>
   <subfield code="b">UNIPILB</subfield>
   <subfield code="c">MAIN</subfield>
   <subfield code="e">20040709</subfield>
   <subfield code="h">658.8 ΔΙ</subfield>
   <subfield code="p">00128059</subfield>
   <subfield code="q">00128059</subfield>
   <subfield code="t">LOAN</subfield>
   <subfield code="v">τ.Β:</subfield>
   <subfield code="y">0</subfield>
   <subfield code="z">τ.Β</subfield>
   <subfield code="4">1</subfield>
  </datafield>
 </record>
</collection>
